British TV Theme Songs Quiz Stats

 Plays Quiz Updated Aug 11, 2016

Challenge
Share
Tweet
Score 0/110 Timer 20:00
14 Plays Today
Time Show % Correct
0:00-0:02EastEnders
89.1%
4:32-4:38Doctor Who
85.7%
2:34-2:41Coronation Street
81.8%
1:01-1:06Postman Pat
80.3%
0:13-0:17The X Factor
76.5%
1:06-1:12Only Fools And Horses
74%
3:25-3:30Emmerdale
73.3%
2:02-2:07Dad's Army
72.7%
0:17-0:21Thomas the Tank Engine and Friends
72.4%
0:42-0:46Match Of The Day
71.9%
2:21-2:26Mastermind
70.7%
1:12-1:18The Bill
69.7%
0:02-0:07Casualty
69.7%
7:50-7:55Top Gear
66.8%
3:07-3:14The Wombles
64.6%
5:51-5:57Big Brother
64.5%
2:26-2:30Thunderbirds
63.1%
0:27-0:33Fawlty Towers
63%
4:01-4:06QI
58.8%
6:54-6:59Heartbeat
58.7%
1:58-2:02Last Of The Summer Wine
58.1%
2:16-2:21Have I Got News For You
57.9%
3:51-3:55'Allo 'Allo!
57%
0:21-0:27A Question of Sport
56.8%
4:38-4:45Fireman Sam
56.1%
8:14-8:19One Foot In The Grave
54.8%
8:00-8:05Blue Peter
54.1%
3:30-3:36Britain's Got Talent
52.5%
5:11-5:15Blackadder
52.4%
6:50-6:54Grange Hill
52.4%
1:28-1:32Keeping Up Appearances
49.8%
1:54-1:58Hollyoaks
49.8%
3:40-3:46Steptoe and Son
49.1%
9:12-9:18The Crystal Maze
48.9%
0:38-0:42Monty Python’s Flying Circus
48.4%
5:25-5:30Red Dwarf
47%
2:12-2:16Blind Date
46.8%
Time Show % Correct
2:53-2:58Men Behaving Badly
45.3%
1:49-1:54Absolutely Fabulous
44.5%
1:43-1:49The Young Ones
43.4%
7:04-7:08Are You Being Served?
42.3%
5:20-5:25Father Ted
42.1%
5:57-6:02The IT Crowd
41.6%
7:55-8:00The Good Life
41.4%
4:55-5:01Minder
39.7%
5:45-5:51Never Mind The Buzzcocks
39.1%
6:59-7:04The Office (UK)
38.6%
8:53-8:58The Inbetweeners
38.3%
8:10-8:14Poirot
37.8%
5:06-5:11The Royle Family
36.5%
6:02-6:08The Sweeney
34.4%
3:55-4:01Brookside
34.4%
7:30-7:36Whatever Happened To The Likely Lads?
33.6%
0:07-0:13Spooks
32.9%
7:25-7:30Crossroads
31.4%
6:33-6:38Dragon's Den
30.1%
8:05-8:10The Avengers
29.4%
5:35-5:40Some Mothers Do 'Ave 'Em
29.1%
8:58-9:02Z-Cars
28.6%
2:30-2:34The Saint
28.4%
2:58-3:03The Professionals
26.4%
6:38-6:44Yes Minister
26%
6:08-6:13The Mighty Boosh
25.9%
4:11-4:16It's a Knockout
25.8%
6:13-6:17Skins
24.2%
3:03-3:07Tiswas
24%
1:38-1:43Misfits
23.7%
5:15-5:20Torchwood
23.7%
3:46-3:51Bread
22.7%
6:44-6:50Shameless
21.9%
7:46-7:50The Liver Birds
21.4%
8:28-8:33Peep Show
21.3%
0:46-0:52Hustle
21.3%
4:16-4:21Auf Wiedersehen, Pet
20.6%
Time Show % Correct
5:40-5:45Coupling
19.7%
3:14-3:19Jeeves and Wooster
19.3%
2:47-2:53All Creatures Great And Small
19%
3:19-3:25Howard's Way
18.8%
5:30-5:35Terry and June
18.8%
2:07-2:12The Big Breakfast
18.7%
4:45-4:49The Old Grey Whistle Test
17.8%
1:32-1:38On The Buses
17.4%
4:21-4:278 Out Of 10 Cats
17.1%
8:24-8:28The Hitch Hiker's Guide to the Galaxy
16.6%
0:52-0:56Lovejoy
16.5%
6:17-6:22Life On Mars
16%
1:24-1:28The Goodies
14.9%
0:56-1:01Blake's 7
14.6%
3:36-3:40Man About The House
14.4%
8:33-8:38The Prisoner
14.2%
7:41-7:46Rising Damp
13.2%
2:41-2:47Randall and Hopkirk (Deceased)
12.7%
9:07-9:12Stingray
12.6%
0:33-0:38Primeval
12.3%
4:49-4:55A Man in a Suitcase
12.2%
4:27-4:32Drop The Dead Donkey
12.1%
9:02-9:07The Fall and Rise of Reginald Perrin
11.8%
7:13-7:19Treasure Hunt
11.7%
8:49-8:53That's Life
11.5%
7:19-7:25The Persuaders!
10.8%
7:08-7:13Please Sir!
9.5%
4:06-4:11Sorry!
8.9%
8:42-8:49The New Statesman
8.9%
8:38-8:42Waterloo Road
8.7%
6:27-6:33Cold Feet
8.7%
6:22-6:27The Champions
8.3%
5:01-5:06Footballers' Wive$
7.9%
7:36-7:41This Life
7.2%
1:18-1:24Queer As Folk
6%
8:19-8:24Spitting Image
5.3%

You're not logged in!

Compare scores with friends on all Sporcle quizzes.
Join for Free
OR
Log In

You Might Also Like...

Show Comments

Extras

Top Quizzes Today


Score Distribution

Your Account Isn't Verified!

In order to create a playlist on Sporcle, you need to verify the email address you used during registration. Go to your Sporcle Settings to finish the process.

Report this User

Report this user for behavior that violates our Community Guidelines.

Details: